000
00307pam a2200121a 44500
008
230405s2019 xxu||||| |||| 00| 0 eng d
041
_a
ENG
100
_a
Mathews & Venkatesan
245
_a
A Textbook of Quantum Mechanics
260
_a
New Delhi
_b
McGraw Hill Edu.
_c
2019
300
_a
466
906
_a
19121
999
_c
309619
_d
309619